1751 1528 1902 1843 1923 1919 1234 1349 1739 1286 1487 1180 1170 1475 1497 1792 1244 1372 1759 1858 1348 1807 1968 1236 1946 1766 1751 1106 1525 1317 1556 1269 1428 1945 1857 1869 1580 1788 1832 1254 1546 1209 1966 1218 1897 1513 1644 1253 1424 1258 1000 1484 1802 1129 1296 1410 1403 1139 1935 1860 1893 1284 1155 1608 1735 1859 1993 1316 1615 1428 1830 1753 1457 1602 1249 1222 1835 1679 1042 1569 1153 1513 1770 1941 1275 1296 1207 1338 1942 1055 1401 1333 1784 1225 1299 1604 1221 1599 1947 BCNSPRNW ULIB Ver.6.0+V

เปลี่ยนเป็นภาษาไทย

Change to English
 แสดงรายละเอียดบรรณานุกรม
  กลับหน้าหลัก

Brief Record : Get Marc (ISO 2709) : E-mail record : QR code < ปิดหน้าต่าง
LEADER : 00000nam 2200000uu 4500
001    13399120840
003     ULIB
008    020711s2553 th a 000 0 tha d
020    9786167138121
090    นว.^bม124ส
100    มณีบุษย์
245    สัญญารัก พยาบาท /^cมณีบุษย์
260    กรุงเทพฯ :^bลีลา,^c2553
300    315 หน้า
945    ^p230^l0^i17047
999    ^aทศพร เกษรทอง
รายการนี้ยังไม่มีแท็ก
คุณยังไม่ได้ล็อกอิน คุณสามารถมีกิจกรรมร่วมกับเว็บไซต์ได้ แต่ต้องล็อกอินก่อน ::
  ล็อกอิน

รายการสื่อสารสนเทศ

ลำดับที่ ประเภท เลขเรียก/บาร์โค้ด สถานที่ สถานะ
1. นวนิยาย
นวนิยาย
นว. ม124ส  
  Barcode: 17047
ห้องสมุดวิทยาเขตสวรรค์ประชารักษ์
►นวนิยาย
บนชั้น
  ขอยืม

BibComment


ยังไม่เคยถูกคอมเมนท์

คอมเมนท์ทรัพยากรรายการนี้
  คอมเมนท์: สัญญารัก พยาบาท ..


 Copyright 2026. Bcnsprnw @Library